Hát bội đờn ca tài tử và cải lương cuối TK 19 đầu TK 20 Cuối TK 19 đầu TK 20

Sách nghiên cứu về lịch sử phát triển của các bài hát từ cuối thế kỷ 19 đến đầu thế kỷ 20, từ âm nhạc Taitu đến Chileong, đặc biệt là qua các tài liệu và ảnh chụp bằng tiếng Pháp và tiếng Anh và hình ảnh còn lại ở nhiều nơi chưa đư...

Πλήρης περιγραφή

Αποθηκεύτηκε σε:
Λεπτομέρειες βιβλιογραφικής εγγραφής
Κύριος συγγραφέας: Nguyễn Lê Tuyên
Άλλοι συγγραφείς: Nguyễn Đức Hiệp
Μορφή: Βιβλίο
Γλώσσα:Vietnamese
Έκδοση: Tp. Hồ Chí Minh Văn hóa - Văn nghệ Tp. Hồ Chí Minh c2013
Θέματα:
Ετικέτες: Προσθήκη ετικέτας
Δεν υπάρχουν, Καταχωρήστε ετικέτα πρώτοι!
Thư viện lưu trữ: Thư viện Trường Đại học Nam Cần Thơ
LEADER 01363nam a22002177a 4500
001 NCT_151533
008 230606b xxu||||| |||| 00| 0 vie d
999 |c 7837  |d 7837 
020 |c 45000 
082 0 4 |2 23rd ed.  |a 781.62  |b T527 
100 1 |a Nguyễn Lê Tuyên  
245 1 0 |a Hát bội đờn ca tài tử và cải lương cuối TK 19 đầu TK 20  |b Cuối TK 19 đầu TK 20  |c Nguyễn Lê Tuyên, Nguyễn Đức Hiệp 
260 |a Tp. Hồ Chí Minh  |b Văn hóa - Văn nghệ Tp. Hồ Chí Minh  |c c2013 
300 |a 141 tr.  |b Hình vẽ, ảnh  |c 20cm 
500 |a Tài liệu tham khảo tr. 137 - 141 
520 3 |a Sách nghiên cứu về lịch sử phát triển của các bài hát từ cuối thế kỷ 19 đến đầu thế kỷ 20, từ âm nhạc Taitu đến Chileong, đặc biệt là qua các tài liệu và ảnh chụp bằng tiếng Pháp và tiếng Anh và hình ảnh còn lại ở nhiều nơi chưa được khai thác. 
653 |a Tham khảo 
700 1 |a Nguyễn Đức Hiệp 
942 |2 ddc  |c BK 
952 |0 0  |1 0  |2 ddc  |4 0  |6 781_620000000000000_T527  |7 0  |9 27826  |a 000001  |b 000001  |d 2023-06-06  |o 781.62 T527  |p TK.03425  |r 2023-06-06  |v 45000.00  |w 2023-06-06  |y BK 
980 |a Thư viện Trường Đại học Nam Cần Thơ